[Event "Online Olym Div3 E 2020"]
[Site "chess.com INT"]
[Date "2020.07.09"]
[Round "7.4"]
[Board "5"]
[White "Haynes, Aaron"]
[Black "Tello Chavez, Isaac Valent"]
[Result "0-1"]
[BlackTitle "FM"]
[WhiteElo "1479"]
[BlackElo "2275"]
[WhiteTeam "Barbados"]
[BlackTeam "Mexico"]
[WhiteFideId "11103590"]
[BlackFideId "5114241"]
[EventDate "2020.07.07"]
[EventType "team"]

1. d4 d5 2. c4 dxc4 3. e3 a6 4. Bxc4 Nf6 5. Nc3 e6 6. Nf3 c5 7. O-O Be7 8. dxc5
Bxc5 9. Qxd8+ Kxd8 10. Ne5 Ke7 11. a3 Nbd7 12. Nf3 b5 13. Bd3 Bb7 14. Ng5 Rhd8
15. Nge4 Ba7 16. Bc2 Rac8 17. Nxf6 gxf6 18. Be4 Bxe4 19. Nxe4 f5 20. Ng5 Nc5 21.
b4 Na4 22. Nf3 Rc2 23. Nd4 Bxd4 24. exd4 Rxd4 25. Be3 Rd3 26. g3 Rcc3 27. Rfc1
e5 28. Rxc3 Nxc3 29. Bc5+ Ke6 30. Kf1 Kd5 31. Ke1 Kc4 32. Be3 Kb3 33. Bc1 Rd1# 0-1

[Event "Online Olym Div3 E 2020"]
[Site "chess.com INT"]
[Date "2020.07.09"]
[Round "7.4"]
[Board "6"]
[White "Lopez Sanchez, Anastacia Antonia"]
[Black "Johnson, Azaria"]
[Result "1-0"]
[WhiteTitle "WCM"]
[WhiteElo "1809"]
[BlackElo "1383"]
[WhiteTeam "Mexico"]
[BlackTeam "Barbados"]
[WhiteFideId "5115825"]
[BlackFideId "11103825"]
[EventDate "2020.07.07"]
[EventType "team"]

1. d4 d5 2. Nf3 Nf6 3. g3 Bf5 4. Bg2 c6 5. O-O e6 6. c4 Be7 7. Nc3 Nbd7 8. b3
O-O 9. Bb2 Qc7 10. Nd2 Rfd8 11. cxd5 exd5 12. e3 Re8 13. Qe2 Bb4 14. Rfc1 Rac8
15. a3 Bd6 16. Nxd5 Nxd5 17. Bxd5 Nf6 18. Bf3 Qd7 19. Nc4 Bc7 20. Qf1 Rcd8 21.
Re1 Ne4 22. Rad1 f6 23. Nd2 Nxd2 24. Rxd2 c5 25. Qc4+ Be6 26. Qxc5 Bxb3 27. Rc1
Bb6 28. Qb4 Bd5 29. Bxd5+ Qxd5 30. Rdc2 Qd7 31. a4 Rc8 32. a5 Rxc2 33. Rxc2 Bd8
34. Ba3 Be7 35. Qb3+ Kh8 36. Bxe7 Qxe7 37. Qc3 g6 38. Qc5 Qxc5 39. Rxc5 b6 40.
axb6 axb6 41. Rc6 Rb8 42. Rxf6 Kg7 43. Rc6 b5 44. Kf1 b4 45. Rc2 Kf6 46. Ke2 Kf5
47. Kd3 h5 48. f3 g5 49. Rb2 g4 50. e4+ Kg5 51. f4+ Kf6 52. Kc4 Ke6 53. Rxb4
Rc8+ 54. Kd3 Rd8 55. d5+ Kf6 56. e5+ Kf5 57. d6 Rd7 58. Kd4 Rd8 59. Rb2 Rd7 60.
Kd5 Rd8 61. e6 Kf6 62. e7 Re8 63. d7 Kxe7 64. dxe8=Q+ 1-0

[Event "Online Olym Div3 E 2020"]
[Site "chess.com INT"]
[Date "2020.07.09"]
[Round "7.5"]
[Board "1"]
[White "Giasi, Viresh"]
[Black "Arias, Lemnys A."]
[Result "0-1"]
[WhiteTitle "FM"]
[BlackTitle "IM"]
[WhiteElo "2006"]
[BlackElo "2303"]
[WhiteTeam "Suriname"]
[BlackTeam "El Salvador"]
[WhiteFideId "8200165"]
[BlackFideId "6700284"]
[EventDate "2020.07.07"]
[EventType "team"]

1. e4 c5 2. Nf3 d6 3. c3 Nf6 4. h3 Nbd7 5. d3 b6 6. Be2 Bb7 7. a4 a6 8. O-O g6
9. Be3 Bg7 10. Qd2 c4 11. Bh6 O-O 12. Bxg7 Kxg7 13. Re1 cxd3 14. Bxd3 Nc5 15.
Qc2 Rc8 16. Nbd2 Qc7 17. Bf1 e5 18. Rad1 Rfd8 19. g3 Bc6 20. a5 bxa5 21. b4 Ba4
22. Qb1 Bxd1 23. Qxd1 axb4 24. cxb4 Ne6 25. Bxa6 Rb8 26. b5 Nc5 27. Re3 Ra8 28.
Ra3 Ncxe4 29. Nxe4 Nxe4 30. Qa1 Qb6 31. Ra2 Ra7 32. Kg2 Rda8 33. g4 Nc5 34. g5
Nxa6 35. bxa6 Rxa6 36. Rxa6 Qxa6 37. Qd1 Qc6 38. Kh2 Ra2 39. Kg1 Qc2 40. Qe1 Qe2
41. Qb1 Qxf2+ 42. Kh1 Qg2# 0-1

[Event "Online Olym Div3 E 2020"]
[Site "chess.com INT"]
[Date "2020.07.09"]
[Round "7.5"]
[Board "2"]
[White "Hernandez, Mauricio Daniel"]
[Black "Hanoeman, Suradj"]
[Result "1-0"]
[WhiteTitle "CM"]
[BlackTitle "CM"]
[WhiteElo "2066"]
[BlackElo "1988"]
[WhiteTeam "El Salvador"]
[BlackTeam "Suriname"]
[WhiteFideId "6701183"]
[BlackFideId "8200173"]
[EventDate "2020.07.07"]
[EventType "team"]

1. e4 c5 2. c3 d5 3. exd5 Qxd5 4. d4 cxd4 5. cxd4 Nc6 6. Nf3 e5 7. Nc3 Bb4 8.
Bd2 Bxc3 9. Bxc3 e4 10. Ne5 Nxe5 11. dxe5 Ne7 12. Qa4+ Bd7 13. Qb4 a5 14. Qb6
Qc6 15. Bxa5 Nd5 16. Qxc6 Bxc6 17. Bd2 O-O 18. Bc4 Rfe8 19. O-O Rxe5 20. b4 Nb6
21. Bb3 Bb5 22. Rfc1 Re7 23. a4 Bd3 24. a5 Nc8 25. Bf4 h6 26. Bc4 Rd7 27. Bxd3
exd3 28. Rc7 Rd4 29. Bd2 Nd6 30. Rd1 Rd5 31. Bf4 Ne4 32. f3 f5 33. fxe4 fxe4 34.
Rxb7 Rf8 35. Be3 Rc8 36. a6 Rd6 37. a7 Kh7 38. Rb8 Rdc6 39. a8=Q 1-0

[Event "Online Olym Div3 E 2020"]
[Site "chess.com INT"]
[Date "2020.07.09"]
[Round "7.5"]
[Board "3"]
[White "dos Ramos, Rosangela"]
[Black "Herrera, Marjorie"]
[Result "0-1"]
[WhiteTitle "WFM"]
[BlackTitle "WCM"]
[WhiteElo "1765"]
[BlackElo "1848"]
[WhiteTeam "Suriname"]
[BlackTeam "El Salvador"]
[WhiteFideId "8200521"]
[BlackFideId "6704743"]
[EventDate "2020.07.07"]
[EventType "team"]

1. Nf3 Nf6 2. g3 d5 3. Bg2 c5 4. O-O Nc6 5. d3 Bg4 6. h3 Bh5 7. Nbd2 e6 8. c3
Bd6 9. e4 Bg6 10. Re1 Qc7 11. Qe2 dxe4 12. dxe4 Be7 13. a4 O-O 14. Nh4 e5 15.
Nxg6 hxg6 16. Nc4 Rfd8 17. Ne3 Qd7 18. Nd5 Rac8 19. Be3 Qe6 20. Nxe7+ Qxe7 21.
Bg5 a6 22. Rad1 Na5 23. Bxf6 Qxf6 24. Rxd8+ Rxd8 25. Rd1 Nc6 26. Rxd8+ Qxd8 27.
Bf1 Qd6 28. Qc4 Kf8 29. Qd5 Qxd5 30. exd5 Ne7 31. c4 Nf5 32. Bd3 Nd4 33. Kg2 Ke7
34. f3 f5 35. Kf2 Kd6 36. Ke3 b5 37. axb5 axb5 38. h4 bxc4 39. Bxc4 Nc2+ 40. Kd2
Nb4 41. b3 Nxd5 42. Bxd5 Kxd5 43. Kd3 e4+ 44. fxe4+ fxe4+ 45. Ke3 Ke5 46. g4 Kd5
47. h5 gxh5 48. gxh5 Ke5 49. Ke2 Kd4 50. Kd2 e3+ 51. Ke2 Ke4 52. Ke1 Kd3 53. Kd1
e2+ 54. Ke1 Kc3 55. Kxe2 Kxb3 56. Kd2 Kb2 57. Kd3 Kb3 58. Kd2 c4 59. Kd1 Kb2 60.
Kd2 c3+ 0-1

[Event "Online Olym Div3 E 2020"]
[Site "chess.com INT"]
[Date "2020.07.09"]
[Round "7.5"]
[Board "4"]
[White "Zavala Galindo, Alejandra Beatri"]
[Black "Kaslan, Alexandra"]
[Result "0-1"]
[BlackTitle "WCM"]
[WhiteElo "1740"]
[BlackElo "1435"]
[WhiteTeam "El Salvador"]
[BlackTeam "Suriname"]
[WhiteFideId "6703089"]
[BlackFideId "8201340"]
[EventDate "2020.07.07"]
[EventType "team"]

1. e4 e6 2. d4 d5 3. exd5 exd5 4. Bd3 Nf6 5. Nf3 Bd6 6. h3 O-O 7. O-O c6 8. c3
Be6 9. Re1 Nbd7 10. Ne5 Qc7 11. f4 Nb6 12. Nd2 c5 13. Ndf3 h6 14. Qe2 Rfe8 15.
Qf2 c4 16. Bc2 Rad8 17. Qh4 Be7 18. Qf2 Qc8 19. Bd2 Bf5 20. Be3 Bxc2 21. Qxc2
Ne4 22. Nd2 f5 23. Nxe4 fxe4 24. Rf1 Bf6 25. Rae1 Qe6 26. Qe2 Bxe5 27. fxe5 Rf8
28. Rxf8+ Rxf8 29. Rf1 Rxf1+ 30. Qxf1 Qf7 31. Qf2 Qxf2+ 32. Kxf2 Kf7 33. Kg3 Ke6
34. Kg4 Nd7 35. Kh5 Nf8 36. g4 b5 37. h4 a5 38. a3 Kf7 39. g5 hxg5 40. Bxg5 Ne6
41. Be3 Nc7 42. Kg5 Na6 43. Kf5 g6+ 44. Kg5 Nc7 45. Kg4 Na6 46. Bd2 Nc7 47. Bg5
Ne6 48. Bd2 Nc7 49. Be3 Na6 50. Bg5 b4 51. Bd8 bxa3 52. bxa3 a4 53. Kg5 e3 54.
h5 gxh5 55. Kxh5 e2 56. Bh4 Ke6 57. Kg6 Nc7 58. Kg5 Nb5 59. Kf4 Nxc3 60. Ke3 Nb5
61. Kxe2 Nxa3 62. Kd2 Nb5 63. Kc2 Nxd4+ 0-1

[Event "Online Olym Div3 E 2020"]
[Site "chess.com INT"]
[Date "2020.07.09"]
[Round "7.5"]
[Board "5"]
[White "Kalidjo, Imaan"]
[Black "Melara, Moises"]
[Result "1/2-1/2"]
[BlackTitle "FM"]
[WhiteElo "1819"]
[BlackElo "2110"]
[WhiteTeam "Suriname"]
[BlackTeam "El Salvador"]
[WhiteFideId "8202478"]
[BlackFideId "6703917"]
[EventDate "2020.07.07"]
[EventType "team"]

1. d4 Nf6 2. Bg5 Ne4 3. Bf4 c5 4. e3 d5 5. c3 e6 6. Bd3 Nf6 7. Nd2 Nc6 8. Ngf3
Bd6 9. Bg3 O-O 10. O-O cxd4 11. exd4 Bxg3 12. hxg3 Qd6 13. Re1 g6 14. Ne5 Nd7
15. Ndf3 f6 16. Nxc6 bxc6 17. Qd2 Kg7 18. Qe2 Re8 19. Nh4 e5 20. dxe5 fxe5 21.
Rad1 Nf6 22. Qc2 Bg4 23. f3 Bd7 24. c4 Qc5+ 25. Kh2 e4 26. fxe4 Ng4+ 27. Kh1
Nf2+ 28. Kh2 Nxd1 29. Rxd1 Bg4 30. Rf1 dxe4 31. Bxe4 Rad8 32. Bxg6 Re2 33. Rf7+
Kg8 34. Qc3 Qd4 35. Qxd4 Rxd4 36. Rxh7 Rxc4 37. Rxa7 Rc1 38. Bf7+ Kf8 39. Ng6+
Kg7 40. Bc4+ Kxg6 41. Bxe2 Bxe2 42. g4 Bxg4 43. Kg3 Be6 44. a3 Rc2 45. b4 Bd5
46. Kf4 Rxg2 47. Ke5 Ra2 48. Kd6 Kf5 49. b5 cxb5 50. Kxd5 b4 51. a4 b3 52. Rb7
b2 53. Rb8 Kf4 54. Kd4 Rxa4+ 55. Kc3 Re4 1/2-1/2

[Event "Online Olym Div3 E 2020"]
[Site "chess.com INT"]
[Date "2020.07.09"]
[Round "7.5"]
[Board "6"]
[White "Garcia, Angie"]
[Black "Kaslan, Catherine"]
[Result "0-1"]
[WhiteTitle "WFM"]
[BlackTitle "WFM"]
[WhiteElo "1802"]
[BlackElo "1872"]
[WhiteTeam "El Salvador"]
[BlackTeam "Suriname"]
[WhiteFideId "6702503"]
[BlackFideId "8201390"]
[EventDate "2020.07.07"]
[EventType "team"]

1. e4 c5 2. Nf3 d6 3. d4 cxd4 4. Nxd4 Nf6 5. Nc3 a6 6. Bg5 e6 7. f4 Be7 8. Qf3
Nbd7 9. O-O-O Qc7 10. Kb1 b5 11. Bxf6 Nxf6 12. a3 Bb7 13. g4 d5 14. e5 Ne4 15.
Nxe4 dxe4 16. Qh3 O-O 17. Rg1 Rfd8 18. Be2 Rac8 19. Qb3 Bd5 20. Qe3 Bc5 21. c3
Bb3 22. Rd2 Qb6 23. f5 a5 24. fxe6 fxe6 25. Qxe4 Bd5 26. Qe3 b4 27. axb4 axb4
28. cxb4 Bxb4 29. Rd3 Bc4 30. Rdd1 Bd5 31. Rc1 Qa5 32. b3 Ra8 33. Kc2 Qa2+ 34.
Kd1 Bxb3+ 35. Rc2 Qxc2# 0-1

[Event "Online Olym Div3 E 2020"]
[Site "chess.com INT"]
[Date "2020.07.09"]
[Round "8.1"]
[Board "1"]
[White "Cu Hor, Winston Darwin"]
[Black "Arias, Lemnys A."]
[Result "1-0"]
[WhiteTitle "FM"]
[BlackTitle "IM"]
[WhiteElo "2333"]
[BlackElo "2303"]
[WhiteTeam "Guatemala"]
[BlackTeam "El Salvador"]
[WhiteFideId "7300662"]
[BlackFideId "6700284"]
[EventDate "2020.07.07"]
[EventType "team"]

1. b3 d5 2. Bb2 c5 3. e3 a6 4. Nf3 Nc6 5. d4 Bg4 6. Be2 Nf6 7. Nbd2 cxd4 8. Nxd4
Nxd4 9. Bxd4 Bf5 10. O-O e6 11. c4 Be7 12. Bf3 O-O 13. Qe2 Rc8 14. Rfd1 Bc2 15.
Rdc1 Bg6 16. h3 Ba3 17. Re1 Re8 18. cxd5 Nxd5 19. Nc4 Bb4 20. Red1 Qe7 21. Rac1
f6 22. Bxd5 exd5 23. Nb6 Rxc1 24. Rxc1 Qd6 25. Qf3 Rd8 26. Rc8 Rxc8 27. Nxc8 Qc6
28. a3 Bxa3 29. Bb2 Bf8 30. Na7 Qe6 31. Bd4 Bc2 32. Qe2 Bf5 33. Qd2 Qd7 34. Qa5
Qd6 35. b4 Bd3 36. Nc8 Qc6 37. Qd8 Kf7 38. Bc5 Bxc5 39. bxc5 Qxc5 40. Qd7+ Kf8
41. Nd6 Be4 1-0

[Event "Online Olym Div3 E 2020"]
[Site "chess.com INT"]
[Date "2020.07.09"]
[Round "8.1"]
[Board "2"]
[White "Arias, Daniel"]
[Black "Lorenzana, Wilson Estuardo"]
[Result "1/2-1/2"]
[WhiteTitle "FM"]
[BlackTitle "IM"]
[WhiteElo "2285"]
[BlackElo "2220"]
[WhiteTeam "El Salvador"]
[BlackTeam "Guatemala"]
[WhiteFideId "6700640"]
[BlackFideId "7300239"]
[EventDate "2020.07.07"]
[EventType "team"]

1. d4 Nf6 2. c4 g6 3. Nc3 Bg7 4. e4 O-O 5. f3 d6 6. Nge2 c5 7. d5 e6 8. Bg5 exd5
9. cxd5 a6 10. a4 Re8 11. Qd2 Nbd7 12. Nc1 h6 13. Be3 h5 14. Be2 Nh7 15. O-O Ne5
16. h3 f5 17. Kh2 h4 18. Nb3 b6 19. Rae1 Ra7 20. f4 Nf7 21. Bf3 Rae7 22. exf5
Bxf5 23. Na1 Nf6 24. Bf2 Rxe1 25. Rxe1 Rxe1 26. Qxe1 Bh6 27. Ne2 Bg7 28. Bxh4
Qe8 29. Nc3 Qxe1 30. Bxe1 Bd3 31. g3 Nd7 32. Kg2 Nh6 33. g4 b5 34. axb5 axb5 35.
Nd1 b4 36. Bd2 Nf7 37. Kf2 Bd4+ 38. Be3 Bg7 39. Ke1 Nb6 40. Kd2 Bf1 41. Ke1 Bd3
42. Kd2 Bf1 43. Ke1 Bd3 1/2-1/2

[Event "Online Olym Div3 E 2020"]
[Site "chess.com INT"]
[Date "2020.07.09"]
[Round "8.1"]
[Board "3"]
[White "Mencos, Claudia"]
[Black "Ortez, Andrea"]
[Result "1-0"]
[WhiteTitle "WIM"]
[BlackTitle "WIM"]
[WhiteElo "1977"]
[BlackElo "1969"]
[WhiteTeam "Guatemala"]
[BlackTeam "El Salvador"]
[WhiteFideId "7300573"]
[BlackFideId "6702392"]
[EventDate "2020.07.07"]
[EventType "team"]

1. e4 c5 2. Nf3 Nc6 3. d4 cxd4 4. Nxd4 g6 5. Nc3 Bg7 6. Nb3 Nf6 7. Be2 O-O 8.
O-O d6 9. Bg5 a6 10. Re1 Be6 11. Bf1 Rc8 12. Nd5 Bxd5 13. exd5 Ne5 14. c3 b5 15.
a4 Nc4 16. axb5 axb5 17. Bxc4 bxc4 18. Na5 Re8 19. Nc6 Qd7 20. Ra7 Rc7 21. Rxc7
Qxc7 22. Qd4 h6 23. Bxf6 Bxf6 24. Qxc4 Kg7 25. b4 Rc8 26. g3 e6 27. b5 exd5 28.
Qxd5 Bxc3 29. Re7 1-0

[Event "Online Olym Div3 E 2020"]
[Site "chess.com INT"]
[Date "2020.07.09"]
[Round "8.1"]
[Board "4"]
[White "Herrera, Marjorie"]
[Black "Mencos Castillo, Maria"]
[Result "1/2-1/2"]
[WhiteTitle "WCM"]
[BlackTitle "WIM"]
[WhiteElo "1848"]
[BlackElo "1865"]
[WhiteTeam "El Salvador"]
[BlackTeam "Guatemala"]
[WhiteFideId "6704743"]
[BlackFideId "7300867"]
[EventDate "2020.07.07"]
[EventType "team"]

1. e4 e5 2. Nf3 Qe7 3. Bc4 h6 4. c3 Nf6 5. d3 d6 6. Bb3 c6 7. Nbd2 Bg4 8. h3 Be6
9. Bc2 Qc7 10. d4 Bc8 11. Nc4 Nbd7 12. O-O Be7 13. Ne3 g6 14. b3 Nf8 15. Nc4
N6d7 16. Ba3 c5 17. dxe5 dxe5 18. Qd5 f6 19. Rad1 Nb6 20. Nd6+ Bxd6 21. Qxd6
Qxd6 22. Rxd6 Nbd7 23. Rfd1 b6 24. Nh4 Rh7 25. Bd3 Bb7 26. Bb5 O-O-O 27. f3 a6
28. Be2 Kc7 29. b4 Ra8 30. bxc5 bxc5 31. R6d2 Rg7 32. Rd6 h5 33. Bc4 Re7 34. Kf2
Rh7 35. R1d2 Bc6 36. R6d3 Bb5 37. Bxb5 axb5 38. Bc1 Ne6 39. g3 g5 40. Nf5 Nb6
41. Ke2 Rd7 42. Rxd7+ Nxd7 43. Rd5 Rxa2+ 44. Kf1 Nb6 45. Rd1 Rc2 46. Bd2 Nc4 47.
Ke2 Nd8 48. Ne7 Nxd2 49. Rxd2 Rxd2+ 50. Kxd2 Kd6 51. Nd5 Ke6 52. Nc7+ Kd7 53.
Nxb5 Nc6 54. Kd3 Na5 55. Na3 Kc6 56. Nc2 c4+ 57. Kd2 Kb5 58. Ne3 Nb3+ 59. Kc2
Nc5 60. Nd5 Nd7 61. Nc7+ Ka4 62. Nd5 Ka3 63. Ne3 Nb6 64. Nd5 Nd7 65. Ne3 Nb6 66.
Nf5 Ka4 67. Nd6 Ka5 68. Ne8 Nd7 69. Nd6 Nb6 70. Nf5 Kb5 71. Nd6+ Kc5 72. Nf5 Nd7
73. Ne3 Nf8 74. Kd2 Nd7 75. Nd5 Kd6 76. Ke3 Ke6 77. Nc7+ Kd6 78. Nd5 Ke6 79.
Nc7+ Kd6 80. Nd5 1/2-1/2

[Event "Online Olym Div3 E 2020"]
[Site "chess.com INT"]
[Date "2020.07.09"]
[Round "8.1"]
[Board "5"]
[White "Garcia Y., Brayan Alexis"]
[Black "Melara, Moises"]
[Result "1-0"]
[BlackTitle "FM"]
[WhiteElo "1847"]
[BlackElo "2110"]
[WhiteTeam "Guatemala"]
[BlackTeam "El Salvador"]
[WhiteFideId "7303041"]
[BlackFideId "6703917"]
[EventDate "2020.07.07"]
[EventType "team"]

1. d4 Nf6 2. c4 g6 3. Nc3 Bg7 4. e4 d6 5. Be2 O-O 6. Nf3 e5 7. O-O Nc6 8. d5 Ne7
9. b4 Nh5 10. Re1 Nf4 11. Bf1 f5 12. a4 a5 13. Ba3 fxe4 14. Nxe4 Bg4 15. h3
Nxh3+ 16. gxh3 Bxf3 17. Qd3 Bxe4 18. Rxe4 axb4 19. Bxb4 Nf5 20. c5 Nd4 21. Bg2
Qf6 22. Ra2 Rf7 23. cxd6 cxd6 24. a5 Rc8 25. a6 bxa6 26. Qxa6 Rc1+ 27. Re1 Rxe1+
28. Bxe1 Bf8 29. Qd3 Qg5 30. Bd2 Qh5 31. Bc3 Nf3+ 32. Kh1 Nh4 33. Bf1 Rf3 34.
Qc4 Nf5 35. Bg2 Rf4 36. Qe2 Qxe2 37. Rxe2 Rb4 38. Bxb4 1-0

[Event "Online Olym Div3 E 2020"]
[Site "chess.com INT"]
[Date "2020.07.09"]
[Round "8.1"]
[Board "6"]
[White "Barahona, Dalila Yamileth"]
[Black "Santiago Sontay, Jenny Fernanda"]
[Result "0-1"]
[WhiteElo "1802"]
[BlackElo "1708"]
[WhiteTeam "El Salvador"]
[BlackTeam "Guatemala"]
[WhiteFideId "6705740"]
[BlackFideId "7303084"]
[EventDate "2020.07.07"]
[EventType "team"]

1. c4 c5 2. g3 Nf6 3. Bg2 Nc6 4. Nc3 e6 5. e4 d6 6. d3 a6 7. Nge2 Be7 8. O-O O-O
9. h3 Bd7 10. f4 Rb8 11. a4 Qc7 12. g4 h6 13. Ng3 Nh7 14. f5 Bf6 15. Nh5 Bd4+
16. Kh1 Rbe8 17. f6 g5 18. h4 Kh8 19. hxg5 hxg5 20. Qf3 Rg8 21. Qh3 Rg6 22. Bf3
Rh6 23. Kg2 Bxf6 24. Be2 Bd4 25. Rxf7 Rg8 26. Bd2 Ne5 27. Rff1 Be8 28. Rh1 Bxh5
29. gxh5 g4 30. Qg3 Qg7 31. Bxh6 Qxh6 32. Raf1 Qd2 33. Rf2 Bxf2 34. Qxf2 Rf8 35.
Qg3 Qxb2 36. Re1 Qxc3 37. Kh1 Qd2 38. h6 Qxh6+ 39. Kg2 Qh3+ 40. Qxh3 gxh3+ 41.
Kxh3 Rf2 42. Kg3 Rf6 43. Rh1 Kg7 44. Kg2 Rg6+ 45. Kf2 Ng4+ 46. Ke1 Ne3 47. Bh5
Rg5 48. Be8 Nc2+ 49. Kd2 Nb4 50. Rf1 Nf6 0-1

[Event "Online Olym Div3 E 2020"]
[Site "chess.com INT"]
[Date "2020.07.09"]
[Round "8.2"]
[Board "1"]
[White "Diaz Rosas, Julio Cesar"]
[Black "Hanoeman, Suradj"]
[Result "1/2-1/2"]
[WhiteTitle "FM"]
[BlackTitle "CM"]
[WhiteElo "2367"]
[BlackElo "1988"]
[WhiteTeam "Mexico"]
[BlackTeam "Suriname"]
[WhiteFideId "5105099"]
[BlackFideId "8200173"]
[EventDate "2020.07.07"]
[EventType "team"]

1. e4 d5 2. exd5 Nf6 3. d4 Qxd5 4. Nf3 Bg4 5. Be2 Nc6 6. O-O O-O-O 7. c4 Qh5 8.
Be3 e5 9. Nc3 exd4 10. Nxd4 Bxe2 11. Ncxe2 Ng4 12. h3 Nxe3 13. fxe3 Bd6 14. Rf5
Qh6 15. Qb3 Nxd4 16. Nxd4 Rhe8 17. Nc2 Qe6 18. Raf1 g6 19. Ra5 a6 20. c5 Qe5 21.
cxd6 Qxa5 22. Qxf7 cxd6 23. Nd4 Kb8 24. Qxh7 Qe5 25. Rf3 g5 26. Qd3 Rf8 27. Rxf8
Rxf8 28. Nf3 Qf6 29. b4 Rc8 30. Qe4 Ka8 31. Kh2 Rg8 32. a4 Qh8 33. Qg4 Qf6 34.
b5 a5 35. Qc4 Rh8 36. b6 d5 37. Qb5 Qd6+ 38. Kh1 Qb4 39. Qxd5 g4 40. Qe5 Rb8 41.
hxg4 Qxb6 42. Nd4 Rd8 43. g5 Qb4 44. g6 Qe1+ 45. Kh2 Qh4+ 46. Kg1 Qe1+ 47. Kh2
Qh4+ 48. Kg1 Qe1+ 49. Kh2 1/2-1/2

[Event "Online Olym Div3 E 2020"]
[Site "chess.com INT"]
[Date "2020.07.09"]
[Round "8.2"]
[Board "2"]
[White "Panchoe, Pratul"]
[Black "Gracia Alvarez, Gerardo An"]
[Result "1/2-1/2"]
[BlackTitle "FM"]
[WhiteElo "1837"]
[BlackElo "2308"]
[WhiteTeam "Suriname"]
[BlackTeam "Mexico"]
[WhiteFideId "8201668"]
[BlackFideId "5109124"]
[EventDate "2020.07.07"]
[EventType "team"]

1. d4 Nf6 2. Bf4 e6 3. Nf3 b6 4. e3 Bb7 5. Nbd2 Be7 6. Bd3 O-O 7. O-O c5 8. c3
Nc6 9. Ne5 d5 10. Qf3 Nxe5 11. dxe5 Nd7 12. Qh5 g6 13. Qh3 a5 14. Nf3 Ba6 15.
Bxa6 Rxa6 16. Qh6 f6 17. exf6 Bxf6 18. Ng5 Qe7 19. e4 e5 20. Bd2 d4 21. Qh3 Ra7
22. Nf3 Rd8 23. Rad1 Nf8 24. c4 Qf7 25. b3 a4 26. Ne1 Qe6 27. Qg3 axb3 28. axb3
Ra3 29. Bc1 Ra2 30. Nd3 Nd7 31. Bg5 Bxg5 32. Qxg5 Rf8 33. Ra1 Rfa8 34. Rxa2 Rxa2
35. Qd8+ Kg7 36. Qg5 Ra3 37. Rb1 h6 38. Qc1 Ra2 39. Rb2 Rxb2 40. Qxb2 Qg4 41. f3
Qg5 42. Qc1 Qxc1+ 43. Nxc1 Nb8 44. Nd3 Nc6 45. h4 Kf6 46. Kf2 Na5 47. Nc1 Nb7
48. Nd3 Na5 49. Nc1 Nb7 50. g3 Nd6 51. Nd3 g5 52. hxg5+ hxg5 53. Ke2 Ke6 54. Nf2
Nf7 55. Kd3 Kd6 56. Ng4 Ke6 57. Kc2 Nd6 58. Kb2 b5 59. cxb5 Nxb5 60. Kc2 Nc3 61.
Kd2 Nb5 62. Kd3 Na3 63. Nf2 Kf6 64. Kd2 c4 65. bxc4 Nxc4+ 66. Ke2 Nd6 67. Ng4+
Ke6 68. Kd3 Nb5 69. Nf2 Nd6 70. Nh3 Kf6 71. f4 gxf4 72. gxf4 exf4 73. Nxf4 Nxe4
74. Kxe4 d3 75. Nxd3 1/2-1/2

[Event "Online Olym Div3 E 2020"]
[Site "chess.com INT"]
[Date "2020.07.09"]
[Round "8.2"]
[Board "3"]
[White "Guerrero Rodriguez, Alejandra"]
[Black "dos Ramos, Rosangela"]
[Result "1-0"]
[WhiteTitle "WIM"]
[BlackTitle "WFM"]
[WhiteElo "2068"]
[BlackElo "1765"]
[WhiteTeam "Mexico"]
[BlackTeam "Suriname"]
[WhiteFideId "5104297"]
[BlackFideId "8200521"]
[EventDate "2020.07.07"]
[EventType "team"]

1. e4 g6 2. d4 Bg7 3. Nc3 d6 4. Be3 a6 5. Qd2 Nd7 6. h4 h5 7. Nh3 b5 8. Ng5 e6
9. Be2 Ngf6 10. f3 O-O 11. g4 c5 12. dxc5 dxc5 13. O-O-O b4 14. Nb1 Qa5 15. gxh5
Nxh5 16. a3 Nb6 17. f4 Ng3 18. Rhg1 Nxe2+ 19. Qxe2 bxa3 20. Nxa3 Na4 21. e5 Qb4
22. Nc4 Rb8 23. Bd2 Qb5 24. b3 Nb6 25. Ne4 a5 26. Ned6 Qa6 27. Bxa5 Nxc4 28.
Nxc4 Ra8 29. Bc3 Bb7 30. h5 Bd5 31. hxg6 Rfb8 32. gxf7+ Kxf7 33. Nd6+ Kf8 34.
Qh5 Ra7 35. Bb2 Bxb3 36. cxb3 Qb6 37. Rg3 Qb4 38. Qf3 Ra2 39. Qc3 Qxf4+ 40. Kb1
Rba8 41. Rf3 1-0

[Event "Online Olym Div3 E 2020"]
[Site "chess.com INT"]
[Date "2020.07.09"]
[Round "8.2"]
[Board "4"]
[White "Kaslan, Alexandra"]
[Black "Guillen Cristobal, Sandra N"]
[Result "0-1"]
[WhiteTitle "WCM"]
[WhiteElo "1435"]
[BlackElo "1942"]
[WhiteTeam "Suriname"]
[BlackTeam "Mexico"]
[WhiteFideId "8201340"]
[BlackFideId "5131790"]
[EventDate "2020.07.07"]
[EventType "team"]

1. d4 g6 2. c4 Bg7 3. Nc3 Nf6 4. Nf3 d6 5. e4 O-O 6. Bd3 c5 7. d5 e6 8. O-O exd5
9. exd5 a6 10. a4 b6 11. Re1 Ra7 12. Qc2 Re7 13. Bd2 Rfe8 14. Rxe7 Rxe7 15. Re1
Bg4 16. Rxe7 Qxe7 17. Ne1 Bc8 18. Qd1 Nbd7 19. Qe2 Kf8 20. f4 Qxe2 21. Bxe2 h5
22. g3 Bb7 23. Nc2 Ke7 24. Kf2 Ne8 25. h3 Nc7 26. Na3 Bd4+ 27. Kf3 b5 28. axb5
axb5 29. Naxb5 Nxb5 30. Nxb5 Bxb2 31. Bc3 Bxc3 32. Nxc3 Nf6 33. Ne4 Bc8 34. Nxf6
Kxf6 35. g4 hxg4+ 36. hxg4 g5 37. Ke4 Kg6 38. Ke3 f5 39. gxf5+ Kxf5 40. Bd3+ Kf6
41. fxg5+ Kxg5 42. Kf3 Bg4+ 43. Ke3 Bd7 44. Kf3 Ba4 45. Kg3 Bd1 46. Bh7 Be2 47.
Bg8 Bxc4 48. Kf2 Kf4 49. Ke1 Ke4 50. Kd2 Bxd5 51. Bh7+ Kd4 52. Bb1 Be4 53. Ba2
d5 54. Kc1 c4 55. Kd2 c3+ 56. Kc1 Kd3 57. Bb1+ Ke2 58. Ba2 d4 59. Bc4+ d3 60.
Bxd3+ Kxd3 61. Kd1 Bf3+ 62. Kc1 c2 63. Kb2 Kd2 64. Kb3 c1=Q 0-1

[Event "Online Olym Div3 E 2020"]
[Site "chess.com INT"]
[Date "2020.07.09"]
[Round "8.2"]
[Board "5"]
[White "Lima Martinez, Alejandro"]
[Black "Kalidjo, Imaan"]
[Result "1-0"]
[WhiteElo "2074"]
[BlackElo "1819"]
[WhiteTeam "Mexico"]
[BlackTeam "Suriname"]
[WhiteFideId "5120080"]
[BlackFideId "8202478"]
[EventDate "2020.07.07"]
[EventType "team"]

1. d4 Nf6 2. Nf3 e6 3. c4 d5 4. g3 c6 5. Bg2 Bd6 6. O-O Nbd7 7. Qc2 Ne4 8. Nbd2
f5 9. c5 Bc7 10. b4 O-O 11. a4 Qe7 12. Bb2 Nxd2 13. Qxd2 e5 14. dxe5 Nxe5 15.
Nxe5 Bxe5 16. Bxd5+ cxd5 17. Qxd5+ Qe6 18. Qxe5 Re8 19. Qxg7# 1-0